00678nam a2200145Ia 450000500170000000800410001702000150005805000200007310000270009324500970012026000350021730000230025250501870027565000700046220231102151119.0120626s2006 mx 000 0 spa d a970076592x14aKB325bP55 20061 aPina, Rafael deeautor aElementos de derecho civil mexicanob : Introducción, personas, familiac / Rafael de Pina aMéxicob : Porrúac , 2006 aI v. 406 páginas aEl concepto de Derecho Las fuentes del Derecho Fuentes indirectas del Derecho La ausencia Los hechos jurídicos El Derecho de familia y la familia Paternidad y filiación La tutela aDERECHO CIVIL MEXICANO - HISTORIA \ DERECHO \ DERECHO POSITIVOÌ